Factores que inciden en el clima de aula universitario.

Uloženo v:
Podrobná bibliografie
Hlavní autor: Ríos M., Daniel (autor)
Další autoři: Bozzo B., Nino, coaut (autor) coaut, (autor), Marchant M., Jorge, coaut (autor) coaut, (autor), Fernández S., Paulina, coaut (autor) coaut, (autor)
Médium: Neznámo
Jazyk:španělština
Témata:
On-line přístup:Ver documento en línea
Tagy: Přidat tag
Žádné tagy, Buďte první, kdo vytvoří štítek k tomuto záznamu!

MARC

LEADER 00000c**#a2200000ua#4500
001 000518240
003 DLC
005 20260411000000.0
008 070831c^^^^9999^^^^r1^^^^^^^^0^^^^0spa^d
009 20260411194551.092
022 |a 01851284 
035 |a FCE 000062471 
037 |a Acervo ITESO - Biblioteca 
041 |a spa 
095 |a RLEE  |b 10-3-4-105. 
100 |a Ríos M., Daniel  |e (autor) 
245 1 0 |a Factores que inciden en el clima de aula universitario. 
264 |a México :  |b Centro de Estudios Educativos,  |c 2010. 
336 |a texto  |b txt  |2 rdacontenido 
337 |a sin mediación  |b n  |2 rdamedio 
338 |a volumen  |b nc  |2 rdasoporte 
649 |a XX 
650 |a Universidad de Santiago de Chile 
650 |a Opinión 
650 |a Estudiantes universitarios 
650 |a Ambiente de la clase 
650 |a Clima escolar 
650 |a Chile 
740 |g vol. 40., no. 3-4, 2010, pp. 105-126  |t Revista Latinoamericana de Estudios Educativos. Artículos y Ensayos, 
700 |a Bozzo B., Nino,  |e coaut  |e (autor) 
700 |a Marchant M., Jorge,  |e coaut  |e (autor) 
700 |a Fernández S., Paulina,  |e coaut  |e (autor) 
856 4 0 |u https://www.cee.edu.mx/rlee/revista/r2001_2010/r_texto/t_2010_3-4_04.pdf  |y Ver documento en línea 
910 |a Fondo Centro de Estudios Educativos 
920 |a Impresos - Libros 
930 |a Fondos Especiales 
905 |a 133 
902 |a https://opac.biblio.iteso.mx/vufind/Record/000518240